Sustainable tourism development

Αποθηκεύτηκε σε:
Λεπτομέρειες βιβλιογραφικής εγγραφής
Άλλοι συγγραφείς: Nijkamp, Peter (Επιμελητής έκδοσης), Κοκκώσης, Χαράλαμπος 1950- (Επιμελητής έκδοσης)
Μορφή: Βιβλίο
Γλώσσα:English
Δημοσίευση: Aldershot : Avebury, 1995
Θέματα:
Ετικέτες: Προσθήκη ετικέτας
Δεν υπάρχουν, Καταχωρήστε ετικέτα πρώτοι!

MARC

LEADER 00000nam a2200000 i 4500
001 1/4697
008 960909s1995 eng d
020 |a 1-85972-177-X 
035 |l 10015729 
040 |a GR-MY-UA  |b gre  |e aacr 
041 0 |a eng 
082 0 |a 338.4791 
245 1 0 |a Sustainable tourism development /  |c Edited by Harry Coccossis and Peter Nijkamp 
260 |a Aldershot :   |b Avebury,   |c 1995 
300 |a 198 p.  |b tables; fig.; maps 
504 |a Includes bibliographical references 
650 0 0 |a Tourism. 
650 0 0 |a Sustainable development. 
650 0 0 |a Ecotourism. 
700 1 |a Nijkamp, Peter.  |4 edt 
700 1 |4 edt  |a Κοκκώσης, Χαράλαμπος  |d 1950- 
852 |a INST  |b LESVOS  |e 19960909  |h 338.4791 SUS  |p 005100012575  |q 005100012575  |t BK  |y 0 
909 |a Λ  |b 046534 
922 |a 1ΕΛΗ  |b 199512  |c ΚΟΚΚΩΣΗΣ 
950 |a 015/1995-10-24